Tirano Banderas

Sábháilte in:
Sonraí bibleagrafaíochta
Príomhchruthaitheoir: Valle-Inclán, Ramón del
Formáid: LEABHAR
Teanga:Undetermined
Foilsithe / Cruthaithe: Madrid, España Espasa-Calpe 1978
Ábhair:
Clibeanna: Cuir clib leis
Níl clibeanna ann, Bí ar an gcéad duine le clib a chur leis an taifead seo!

MARC

LEADER 00000nam a2200000Ia 4500
008 170316s9999 xx 000 0 und d
040 |a cru BVZT 
090 |a 862 V-7ti 
100 |a Valle-Inclán, Ramón del 
245 |a Tirano Banderas 
260 |a Madrid, España 
260 |b Espasa-Calpe 
260 |c 1978 
300 |a 282 páginas 
650 |a LITERATURA ESPAÑOLA 
942 |c 15 D 
999 |c 10595  |d 10595